Východisko z bludiska
Problémy a nedostatky trhu práce na Slovensku. Hlavné opatrenia na zvýšenie zamestnanosti. Podnikateľské prostredie a trh práce. Motivácia a regionálna diferenciácia trhov práce.
Uložené v:
| Hlavný autor: | |
|---|---|
| Médium: | Kapitola |
| Jazyk: | Slovak |
| Predmet: | |
| Tagy: |
Žiadne tagy, Buďte prvý, kto otaguje tento záznam!
|
MARC
| LEADER | 00000naa a2200000 4500 | ||
|---|---|---|---|
| 001 | r048162 | ||
| 005 | 20230920090342.8 | ||
| 041 | 0 | |a slo | |
| 044 | |a SK | ||
| 245 | 1 | 0 | |a Východisko z bludiska |c Alexander Sotník |
| 520 | |a Problémy a nedostatky trhu práce na Slovensku. Hlavné opatrenia na zvýšenie zamestnanosti. Podnikateľské prostredie a trh práce. Motivácia a regionálna diferenciácia trhov práce. | ||
| 610 | 2 | 0 | |a trh práce |
| 610 | 2 | 0 | |a nezamestnanosť |
| 610 | 2 | 0 | |a politika zamestnanosti |
| 610 | 2 | 0 | |a Slovensko |
| 610 | 2 | 0 | |a motivácia pracovná |
| 610 | 2 | 0 | |a mobilita sociálna |
| 100 | 1 | |a Sotník, Alexander | |